Great migrations
These motivating non-fiction readers are rich in content and beautifully illustrated. Fascinating information in carefully graded language appeals to a broad range of students and supports English across the curriculum, making the series perfect for CLIL (Content and Language Integrated Learning).
محفوظ في:
| المؤلف الرئيسي: | |
|---|---|
| التنسيق: | كتاب |
| اللغة: | Undetermined |
| منشور في: |
Oxford
Oxford University Press
2010
|
| الموضوعات: | |
| الوسوم: |
إضافة وسم
لا توجد وسوم, كن أول من يضع وسما على هذه التسجيلة!
|
| Thư viện lưu trữ: | Trung tâm Học liệu Trường Đại học Cần Thơ |
|---|
| LEADER | 00963nam a2200217Ia 4500 | ||
|---|---|---|---|
| 001 | CTU_207456 | ||
| 008 | 210402s9999 xx 000 0 und d | ||
| 020 | |c 60000 | ||
| 082 | |a 428.64 | ||
| 082 | |b B632 | ||
| 100 | |a Bladon, Rachel | ||
| 245 | 0 | |a Great migrations | |
| 245 | 0 | |c Rachel Bladon | |
| 260 | |a Oxford | ||
| 260 | |b Oxford University Press | ||
| 260 | |c 2010 | ||
| 520 | |a These motivating non-fiction readers are rich in content and beautifully illustrated. Fascinating information in carefully graded language appeals to a broad range of students and supports English across the curriculum, making the series perfect for CLIL (Content and Language Integrated Learning). | ||
| 650 | |a Tiếng Anh,Animal migration,English language,Di cư động vật | ||
| 650 | |x Đọc hiểu,Juvenile literature,Reading comprehension,Văn học thiếu niên | ||
| 904 | |i Tuyến | ||
| 980 | |a Trung tâm Học liệu Trường Đại học Cần Thơ | ||